Chansons de L2B - Album Nés pour briller (Book I) - Statistiques

Statistiques générales
  • Ce quiz a été pris 118 fois
  • Le résultat moyen est 8 sur 13
Statistiques - réponses
Ordre dans l'album Chansons % Correct
07 Overbooking
85%
04 Pélican
80%
01 Intro
75%
08 Tendance
68%
09 Palerme
61%
10 Point G
61%
13 Movie
57%
02 Daily Paper
53%
05 No Chance
49%
06 SOS
45%
03 Check
44%
11 Essentiel
44%
12 Real Bad Man
44%
Aucun quiz correspondant
Distribution des résultats
% des personnes avec chaque résultat
Percentile par nombre de réponses
Votre historique - résultats
Vous n’avez pas pris ce quiz